ABBA singles that didn't reach the UK top 20 -1974 - 1983 - Statistics

General Stats
  • This quiz has been taken 31 times
    9 since last reset
  • The average score is 6 of 9
Answer Stats
Hint Answer % Correct
No. 26 - 1982 Under Attack
88%
No. 25 - 1982 Head Over Heels
75%
No. 14 - 2021 I Still Have Faith In You
75%
No.32 - 1974 Ring Ring
75%
No. 33 - 1983 Thank You For The Music
75%
No. 32 - 1982 The Day Before You Came
75%
No.38 - 1975 I Do I Do I Do I Do I Do
63%
No. 59 - 2021 Just A Notion
50%
No. 61 - 2021 Little Things
50%
No matching quizzes found
Score Distribution
Percent of People with Each Score
Percentile by Number Answered
Your Score History
You have not taken this quiz since the last reset